000 004740000a22001810004500
003 MACL
005 20150802151257.0
008 150802b xxu||||| |||| 00| 0 eng d
040 _aMACL
_cMACL
041 _aEnglish
082 _a364/SIN
100 _aSinha, Justice Anand Prasad
_94373
245 _aCorruption And Bribery
_bA Socio Pathological Case
260 _aPatna
_bMadhuri Prakashan
_c20004
350 _a200
650 _aCriminology
_94374
942 _cBK
_k364
_2ddc
999 _c2510
_d2510